Prácticum de Derecho civil : (Registro nro. 63086)

Detalles MARC
000 -LEADER
campo de control de longitud fija 02488cam a22003254i 4500
003 - IDENTIFICADOR DE NÚMERO DE CONTROL
campo de control PE-LiUPU
005 - FECHA Y HORA DE LA ÚLTIMA TRANSACCIÓN
campo de control 20251002162053.0
008 - DATOS DE LONGITUD FIJA--INFORMACIÓN GENERAL
campo de control de longitud fija 1105s2011 sp a rb 000 0 spa d
020 ## - NÚMERO INTERNACIONAL ESTÁNDAR DEL LIBRO
Número Internacional Estándar del Libro 9788497688826
035 ## - NÚMERO DE CONTROL DEL SISTEMA
Número de control de sistema PE-LiUPU000003
040 ## - FUENTE DE CATALOGACIÓN
Centro catalogador/agencia de origen PE-LiUPU
Lengua de catalogación spa
Centro/agencia transcriptor PE-LiUPU
Normas de descripción rda
082 04 - NÚMERO DE LA CLASIFICACIÓN DECIMAL DEWEY
Número de clasificación 346.02
Cutter L339p
Número de edición 23
100 1# - ENTRADA PRINCIPAL--NOMBRE DE PERSONA
Nombre de persona Lasarte, Carlos,
Término indicativo de función/relación autor.
9 (RLIN) 7053
245 10 - MENCIÓN DEL TÍTULO
Título Prácticum de Derecho civil :
Resto del título Derecho de personas y familia /
Mención de responsabilidad, etc. por Carlos Lasarte.
250 ## - MENCION DE EDICION
Mención de edición Segunda edición.
264 #1 - PRODUCCIÓN, PUBLICACIÓN, DISTRIBUCIÓN, FABRICACIÓN Y COPYRIGHT
Producción, publicación, distribución, fabricación y copyright Madrid ;
-- Barcelona ;
-- Buenos Aires :
Nombre del de productor, editor, distribuidor, fabricante Marcial Pons,
Fecha de producción, publicación, distribución, fabricación o copyright 2011.
300 ## - DESCRIPCIÓN FÍSICA
Extensión 164 páginas ;
Dimensiones 24 cm.
336 ## - TIPO DE CONTENIDO
Término de tipo de contenido text
Fuente rdacontent
337 ## - TIPO DE MEDIO
Nombre/término del tipo de medio unmediated
Fuente rdamedia
338 ## - TIPO DE SOPORTE
Nombre/término del tipo de soporte volume
Fuente rdacarrier
504 ## - NOTA DE BIBLIOGRAFÍA, ETC.
Nota de bibliografía, etc. Incluye referencias y pruebas de evaluación.
505 0# - NOTA DE CONTENIDO CON FORMATO
Nota de contenido con formato Programa de "Derecho Civil I: Parte General, Persona y Familia" -- Ley 3/2007, sobre rectificación registral del sexo de las personas -- Auto de enajenación de bienes de menores -- Escritura pública sobre emancipación por ambos progenitores -- Escritura pública sobre emancipación por concesión de madre divorciada -- Auto de internamiento -- Auto sobre constitución de tutela -- Auto sobre nombramiento de defensor judicial -- Inscripción de nacimiento (y posterior emancipación y nota de referencia del matrimonio de los padres) -- Guía del Ministerio de Justicia sobre cambios o alteraciones de nombre y apellidos -- Acta de nacimiento con posterior modificación del nombre del padre del inscrito -- Cambio o inversión de apellidos posterior a la Ley 40/1999 -- Estatutos de Asociación -- Estatutos de Fundación -- Apoderamiento apud acta -- Poder general otorgado ante Notario -- Poder especial otorgado ante Notario -- Convenio regulador de unión de hecho -- Capitulaciones matrimoniales y liquidación de sociedad de gananciales -- Escritura de aportación a la sociedad de gananciales y compraventa -- Capitulaciones matrimoniales antenupciales -- Reconocimiento testamentario de hija natural -- Donación mortis causa -- Pruebas de evaluación.
650 14 - PUNTO DE ACCESO ADICIONAL DE MATERIA--TÉRMINO DE MATERIA
Término de materia o nombre geográfico como elemento de entrada Derecho de familia
Subdivisión geográfica España.
9 (RLIN) 7080
650 10 - PUNTO DE ACCESO ADICIONAL DE MATERIA--TÉRMINO DE MATERIA
Término de materia o nombre geográfico como elemento de entrada Estado civil
Subdivisión geográfica España.
9 (RLIN) 7081
710 ## - ENTRADA AGREGADA--NOMBRE DE ENTIDAD CORPORATIVA
Nombre de entidad corporativa o nombre de jurisdicción como elemento de entrada Marcial Pons Ediciones Jurídicas y Sociales,
Término indicativo de función/relación editor.
9 (RLIN) 7054
856 40 - LOCALIZACIÓN Y ACCESO ELECTRÓNICOS
Identificador Uniforme de Recursos <a href="https://www.marcialpons.es/">https://www.marcialpons.es/</a>
Nota pública Acceso al sitio de la editorial.
942 ## - ELEMENTOS DE ENTRADA SECUNDARIOS (KOHA)
Fuente del sistema de clasificación o colocación Clasificación Decimal Dewey
Tipo de ítem Koha Libros físicos
980 ## - EQUIVALENCIA O REFERENCIA-CRUZADA-MENCIÓN DE SERIE--NOMBRE DE PERSONA/TÍTULO [LOCAL, CANADÁ]
ID del usuario creador del registro 21515
Nombre del creador del registro ROMINA COBOS Adquisiciones
ID del último usuario que modificó el registro 18226
Nombre del último usuario que modificó el registro Jaime Vilcazán Jefe de Análisis Documental
Existencias
Visto por última vez Total de préstamos Signatura topográfica completa Código de barras Copia número Coste, precio de reemplazo Fecha de reemplazo Facultad Tipo de ítem Koha Estado de pérdida Fuente del sistema de clasificación o colocación Restricciones de uso No para préstamo Colección Programa académico Biblioteca de origen Biblioteca actual Ubicación en estantería Fecha de adquisición Fuente de adquisición Coste, precio normal de compra
2025-12-02   346.02 L339p 82793 e1 35.00 2025-10-02 FACIHED Libros físicos No Perdido Clasificación Decimal Dewey No restringido Disponible para préstamos Colección General Derecho presencial Biblioteca CRAI UPeU Lima Biblioteca CRAI UPeU Lima Sala principal 2025-10-01 COMPRA 30.00
2025-12-02   346.02 L339p 82794 e2 35.00 2025-10-02 FACIHED Libros físicos No Perdido Clasificación Decimal Dewey No restringido Disponible para préstamos Colección General Derecho presencial Biblioteca CRAI UPeU Lima Biblioteca CRAI UPeU Lima Sala principal 2025-10-01 COMPRA 30.00